World population prospects : the 1994 revision
Αποθηκεύτηκε σε:
| Συγγραφή απο Οργανισμό/Αρχή: | |
|---|---|
| Μορφή: | Βιβλίο |
| Γλώσσα: | English |
| Δημοσίευση: |
New York :
United Nations publication,
1995
|
| Θέματα: | |
| Ετικέτες: |
Προσθήκη ετικέτας
Δεν υπάρχουν, Καταχωρήστε ετικέτα πρώτοι!
|
MARC
| LEADER | 00000nam a2200000 i 4500 | ||
|---|---|---|---|
| 001 | 1/17330 | ||
| 008 | 981006s1995 eng d | ||
| 020 | |a 92-1-151287-5 | ||
| 035 | |l 10020513 | ||
| 040 | |a GR-MY-UA |b gre |e aacr | ||
| 041 | 0 | |a eng | |
| 082 | 0 | |a 304.62021 | |
| 110 | 2 | |a Department for Social Information and Policy Analysis |b Population Division. | |
| 245 | 1 | 0 | |a World population prospects : |b the 1994 revision / |c Department for Economic and Social Information Policy Analysis, Population Division |
| 260 | |a New York : |b United Nations publication, |c 1995 | ||
| 300 | |a 886 p. | ||
| 650 | 0 | 0 | |a Demography. |
| 650 | 0 | 0 | |a Population forecasting. |
| 650 | 0 | 0 | |a Population. |
| 650 | 0 | 0 | |a Emigration and immigration. |
| 852 | |a INST |b LESVOS |e 19990805 |h 304.62021 DEP |p 005100019014 |q 005100019014 |t BK |y 0 | ||
| 852 | |a INST |b LESVOS |e 19981019 |h 304.62021 DEP |p 005100019015 |q 005100019015 |t BK |y 0 | ||
| 852 | |a INST |b LESVOS |e 19981006 |h 304.62021 DEP |p 005100019016 |q 005100019016 |t BK |y 0 | ||
| 852 | |a INST |b LESVOS |e 19981006 |h 304.62021 DEP |p 005100019017 |q 005100019017 |t BK |y 0 | ||
| 852 | |a INST |b LESVOS |e 19990805 |h 304.62021 DEP |p 005100019018 |q 005100019018 |t BK |y 0 | ||
| 852 | |a INST |b LESVOS |e 19990805 |h 304.62021 DEP |p 005100019019 |q 005100019019 |t BK |y 0 | ||
| 852 | |a INST |b LESVOS |e 19990805 |h 304.62021 DEP |p 005100019020 |q 005100019020 |t BK |y 0 | ||
| 852 | |a INST |b LESVOS |e 19990805 |h 304.62021 DEP |p 005100019021 |q 005100019021 |t BK |y 0 | ||
| 852 | |a INST |b LESVOS |e 19990805 |h 304.62021 DEP |p 005100019022 |q 005100019022 |t BK |y 0 | ||
| 852 | |a INST |b LESVOS |e 19990805 |h 304.62021 DEP |p 005100019023 |q 005100019023 |t BK |y 0 | ||
| 901 | |a BIBL1-1999-3 | ||
| 909 | |a Λ |b 059868 | ||
| 909 | |a Λ |b 059321 | ||
| 909 | |a Λ |b 059320 | ||
| 909 | |a Λ |b 066822 | ||
| 909 | |a Λ |b 066823 | ||
| 909 | |a Λ |b 066824 | ||
| 909 | |a Λ |b 066825 | ||
| 909 | |a Λ |b 066826 | ||
| 909 | |a Λ |b 066827 | ||
| 909 | |a Λ |b 066828 | ||
| 922 | |a 1ΕΛΗ |b 199809 |c ΚΠΣ/ΤΓ |d ΠΑΠΑΣΩΤΗΡΙΟΥ | ||
| 950 | |a 118-1998-03-26 | ||
| 970 | |z 2000/05/ΟΙΚΟΝΟΜΟΠΟΥΛΟΥ ΧΡΙΣΤΙΝΑ | ||
| 970 | |a ΤΖΑΦΕΡΗ |b ΕΥΑΓΓΕΛΙΑ |z 1999/11/05 | ||